| 000 | 00834nam a2200205Ia 4500 | ||
|---|---|---|---|
| 008 | 0000001980 usa 0000000000eng00 | ||
| 020 | _a039301374X | ||
| 090 | _aPUS00 L28e | ||
| 100 | 1 | _aLevin, Gail | |
| 245 | 1 | 0 |
_aEdward Hopper _b: the art and the artist _c/ Gail Levin |
| 300 |
_a299 p. _c/ 28 cm. |
||
| 500 | _aExposición realizada en Whitney Museum of American Art, New York, Septiembre 16, 1980 Enero 25, 1981 \ Con el patronazgo del maestro venezolano Jesús Rafael Soto (q.e.p.d.) | ||
| 600 | 0 | 0 |
_aHOPPER, EDWARD, 18821967/ _xTRABAJOS PICTORICOS |
| 650 | 1 | 4 | _aARTE MODERNO ESTADOUNIDENSE |
| 650 | 1 | 4 | _xCATALOGOS |
| 650 | 1 | 4 | _xEXPOSICIONES |
| 650 | 1 | 4 | _aPINTORES ESTADOUNIDENSES |
| 650 | 1 | 4 | _aPINTURA ESTADOUNIDENSE |
| 999 |
_c6154 _d6154 |
||
| 260 |
_aNew York : W.W. Norton & Company, whitney Museum of American Art _c1980 |
||